000 01044nas a2200313 4500
001 BR2012008036
003 BR-BrBNA
005 20231205121400.0
007 ta
008 230509b bl.|||p| |||| 00| 00por d
040 _aBR-BrBNA
_bpor
_cBiblioteca Nacional de Agricultura
041 _a(Pt)
072 _aF04; F62; F06
100 1 _aTerceiro Neto, C.P.C.
100 1 _aMedeiros, J.F. de
100 1 _aGheyi, H.R.
100 1 _aDias, N. da S.
100 1 _aOliveira, F.R.A. de
100 1 _aLima, K. da S.
245 1 _aAcúmulo de matéria seca e nutrientes no meloeiro irrigado sob estratégias de manejo da salinidade
650 _aCUCUMIS MELO
650 _aNUTRIÇÃO VEGETAL
650 _aÁGUA SALOBRA
650 _aIRRIGAÇÃO
773 0 _tRevista Brasileira de Engenharia Agrícola e Ambiental (Brazil)
_xISSN 1807-1929
_g(Oct-2012), v.16(10) p. 1069-1077
_wBR2012008036
856 4 0 _uhttp://www.agriambi.com.br/revista/v16n10/v16n10a06.pdf
909 _a202311
_bLúcia
_c55
_dLúcia Elande
942 _2AGRIS
_n0
_cANA
999 _c223282
_d223282